TV Catchphrases - Statistics

General Stats
  • This quiz has been taken 40 times
  • The average score is 4 of 10
Answer Stats
Show Phrase Answer % Correct
The Office That's what ____ said. she
86%
Friends We were on a ______! break
71%
IT Crowd Have you tried turning it __ __ __ ____? off and on again
57%
Dr. Who It's bigger on the ______. inside
54%
Full House You got it, ____. dude
43%
The Big Bang Theory I'm not _____. My mother had me tested. crazy
37%
Parks and Rec Treat __ ____! yo self
26%
Third Rock From the Sun Incoming message from the big giant ____. head
20%
Brooklyn 99 Cool cool coolcoolcool no ____ no ______. doubt doubt
11%
Superstore Have a ________ day. heavenly
9%
No matching quizzes found
Score Distribution
Percent of People with Each Score
Percentile by Number Answered
Your Score History
You have not taken this quiz